| 000 | 01892cam a2200397 a 4500 | ||
|---|---|---|---|
| 001 | 16266874 | ||
| 005 | 20241119102341.0 | ||
| 008 | 100604s2010 ilua b 001 0 eng | ||
| 010 | _a 2010021719 | ||
| 015 |
_aGBB082154 _2bnb |
||
| 016 | 7 |
_a015595797 _2Uk |
|
| 020 | _a9780838935941 (pbk. : alk. paper) | ||
| 020 | _a083893594X (pbk. : alk. paper) | ||
| 035 | _a(OCoLC)ocn528423491 | ||
| 040 |
_aDLC _cDLC _dYDXCP _dT@W _dUKM _dEYP _dC#P _dJAO _dCDX _dCUV _dBWX _dLML _dUTV _dDLC |
||
| 042 | _apcc | ||
| 050 | 0 | 0 |
_aZ694.15.R47 _bO45 2010 |
| 082 | 0 | 0 |
_a025.32 _223 |
| 100 | 1 |
_aOliver, Chris, _d1951- _95408 |
|
| 245 | 1 | 0 |
_aIntroducing RDA : _ba guide to the basics / _cChris Oliver. |
| 246 | 3 | _aIntroducing Resource Description and Access | |
| 260 |
_aChicago : _bAmerican Library Association, _c2010. |
||
| 300 |
_avii, 117 p. : _bill. ; _c28 cm. |
||
| 500 | _a"ALA Editions special reports." | ||
| 504 | _aIncludes bibliographical references (p. 105-109) and index. | ||
| 505 | 0 | _aWhat is RDA? -- RDA and the international context -- FRBR and FRAD in RDA -- Continuity with AACR2 -- Where do we see changes? -- Implementing RDA -- Advantages, present and future. | |
| 520 | _aPractical advice for catalogers and library administrators on how to make the transition from the Anglo-American cataloging rules (AACR) to Resource description and access (RDA). | ||
| 630 | 0 | 0 |
_aResource description & access. _95409 |
| 630 | 0 | 0 |
_aAnglo-American cataloguing rules. _95410 |
| 650 | 0 |
_aDescriptive cataloging _xStandards. _95411 |
|
| 650 | 0 |
_aCataloging _xStandards. _95412 |
|
| 710 | 2 |
_aAmerican Library Association. _95413 |
|
| 906 |
_a7 _bcbc _corignew _d1 _eecip _f20 _gy-gencatlg |
||
| 942 |
_2ddc _cBK |
||
| 999 |
_c6622 _d6622 |
||